000 00605nam a2200193Ia 4500
001 15331
003 GE_BSU
008 181216s||||||||xx |||||||||||||| ||und||
040 _cGE_BSU
080 _a82-93:821.353.1-2
100 _aქუჩუკაშვილი,ქეთევან
245 _aგოგო ხოხესია, კონკია, ლილეი
260 _aთბილისი
260 _bნაკადული
260 _c1985
300 _a233გვ.20სმ.
653 _aგოგო ხოხესია, კონკია, ლილეი
942 _cBK
999 _c48439
_d48439